LEADER 04746nam 2200733Ia 450 001 9910139746603321 005 20230725054255.0 010 $a1-283-33757-6 010 $a9786613337573 010 $a1-118-09526-X 010 $a1-118-17264-7 035 $a(CKB)2550000000072857 035 $a(EBL)697388 035 $a(OCoLC)768731706 035 $a(SSID)ssj0000611246 035 $a(PQKBManifestationID)11391634 035 $a(PQKBTitleCode)TC0000611246 035 $a(PQKBWorkID)10645450 035 $a(PQKB)11002830 035 $a(MiAaPQ)EBC697388 035 $a(Au-PeEL)EBL697388 035 $a(CaPaEBR)ebr10515863 035 $a(CaONFJC)MIL333757 035 $a(EXLCZ)992550000000072857 100 $a20090825d2011 uy 0 101 0 $aeng 135 $aur|n|---||||| 181 $ctxt 182 $cc 183 $acr 200 10$aAdvances in bioceramics and porous ceramics$b[electronic resource] $ea collection of papers presented at the 35th International Conference on Advanced Ceramics and Composites, January 18-23, 2011, Daytona Beach, Florida$hIV /$fedited by Roger narayan, Paolo Colombo 210 $aHoboken, NJ $cJohn Wiley ;$aChichester $cJohn Wiley [distributor]$dc2011 215 $a1 online resource (226 p.) 225 1 $aCeramic Engineering and Science Proceedings 300 $aDescription based upon print version of record. 311 $a1-118-05991-3 320 $aIncludes bibliographical references and author index. 327 $aAdvances in Bioceramics and Porous Ceramics IV: Ceramic Engineering and Science Proceedings; Contents; Preface; Introduction; BIOCERAMICS; Fabrication of Hydroxyapatite-Calcite Nanocomposite; Preparation and Protein Adsorption of Silica-Based Composite Particles for Blood Purification Therapy; Collagen-Templated Sol-Gel Preparation of Ultra-Fine Silica Nanotube Mats and Osteoblastic Cell Proliferation; Tissue Ingrowth in Resorbable Porous Tissue Scaffolds; Selective Laser Sintered Ca-P/PHBV Nanocomposite Scaffolds with Sustained Release of rhBMP-2 for Bone Tissue Engineering 327 $aMicrobeam X-Ray Grain Averaged Residual Stress in Dental CeramicsBioactive Glass Scaffolds for the Repair of Load-Bearing Bones; Do Cell Culture Solutions Transform Brushite (CaHPO42H2O) to Octacalcium Phosphate (Ca8(HPO4)2(PO4)45H2O)?; Hydroxyapatite Scaffolds for Bone Tissue Engineering with Controlled Porosity and Mechanical Strength; Hollow Hydroxyapatite Microspheres for Controlled Delivery of Proteins; Expression of Mineralized Tissue-Associated Proteins is Highly Upregulated in MC3T3-E1 Osteoblasts Grown on a Borosilicate Glass Substrate; POROUS CERAMICS 327 $aHigh Porosity In Situ Catalyzed Carbon Honeycombs for Mercury Capture in Coal Fired Power PlantsNot All Microcracks are Born Equal: Thermal vs. Mechanical Microcracking in Porous Ceramics; SiC Foams for High Temperature Applications; Porous SiC Ceramic from Wood Charcoal; Fabrication of Beta-Cristobalite Porous Material from Diatomite with Some Impurities; Microstructural Study of Alumina Porous Ceramic Produced by Reaction Bonding of Aluminium Powder Mixed with Corn Starch; Characterization of Ceramic Powders during Compaction using Electrical Measurements; Author Index 330 $aThis book is a collection of papers from The American Ceramic Society's 35th International Conference on Advanced Ceramics and Composites, held in Daytona Beach, Florida, January 23-28, 2011. This issue includes papers presented in the Next Generation Bioceramics and Porous Ceramics Symposia on topics such as Advanced Processing of Bioceramics; In Vitro and In Vivo Characterization of Bioceramics; Medical and Dental Applications of Bioceramics; Porous Bioceramics; Structure and Properties of Porous Ceramics; and Processing Methods of Porous Ceramics. 410 0$aCeramic Engineering and Science Proceedings 606 $aBiomedical materials$vCongresses 606 $aCeramics in medicine$vCongresses 606 $aPorous materials$vCongresses 606 $aCeramic materials$vCongresses 606 $aComposite materials$vCongresses 615 0$aBiomedical materials 615 0$aCeramics in medicine 615 0$aPorous materials 615 0$aCeramic materials 615 0$aComposite materials 676 $a610.284 701 $aNarayan$b Roger$0883820 701 $aColombo$b Paolo$f1960-$0313281 712 02$aAmerican Ceramic Society. 712 12$aInternational Conference on Advanced Ceramics and Composites 801 0$bMiAaPQ 801 1$bMiAaPQ 801 2$bMiAaPQ 906 $aBOOK 912 $a9910139746603321 996 $aAdvances in bioceramics and porous ceramics$92125174 997 $aUNINA LEADER 03761oam 22008774a 450 001 996312640503316 005 20240424225754.0 010 $a0-520-97186-8 024 7 $a10.1525/luminos.59 035 $a(CKB)4100000007221424 035 $a(OAPEN)1002462 035 $a(DE-B1597)539706 035 $a(OCoLC)1043055888 035 $a(DE-B1597)9780520971868 035 $a(MdBmJHUP)muse72987 035 $a(oapen)https://directory.doabooks.org/handle/20.500.12854/35006 035 $a(EXLCZ)994100000007221424 100 $a20180614d2018 uy 0 101 0 $aeng 135 $aurmu#---auuuu 181 $ctxt$2rdacontent 182 $cc$2rdamedia 183 $acr$2rdacarrier 200 10$aIntimate Communities$eWartime Healthcare and the Birth of Modern China, 1937-1945 /$fNicole Elizabeth Barnes 210 $aOakland$cUniversity of California Press$d2018 210 1$aOakland, California :$cUniversity of California Press,$d[2018] 210 4$dİ[2018] 215 $a1 online resource (xvii, 304 pages) $cillustrations; PDF, digital file(s) 311 08$aPrint version: 9780520300460 320 $aIncludes bibliographical references and index. 327 $aPrologue in triptych -- Introduction -- Policing the public in the new capital -- Appearing in public : the relationships at the heart of the nation -- Healing to kill the true internal enemy -- Authority in the halls of science : women of the wards -- Mothers for the nation -- Conclusion. 330 $a"When China's War of Resistance against Japan began in July 1937, it sparked an immediate health crisis throughout China. In the end, China not only survived the war but emerged from the trauma with a curious strength. Intimate Communities argues that women who worked as military and civilian nurses, doctors, and midwives during this turbulent period built the national community, one relationship at a time. In a country with a majority illiterate, agricultural population that could not relate to urban elites' conceptualization of nationalism, these women used their work of healing to create emotional bonds with soldiers and civilians from across the country that transcended the divides of social class, region, gender, and language"--Provided by publisher. 606 $aPublic health$xPolitical aspects$zChina 606 $aSino-Japanese War, 1937-1945 606 $aWomen and war$zChina$xHistory$y20th century 606 $aPublic health$zChina$xHistory$y20th century 608 $aElectronic books. 610 $aagricultural population. 610 $achina. 610 $acivilian nurses. 610 $acohesive population. 610 $aconceptualization of nationalism. 610 $adoctors. 610 $aemotional bonds. 610 $agender. 610 $ahealth crisis. 610 $ajapan. 610 $ajuly 1937. 610 $alanguage. 610 $amajority illiterate. 610 $amidwives. 610 $anational community. 610 $aregion. 610 $arelationships. 610 $aresistance. 610 $asocial class. 610 $asoldiers. 610 $atrauma. 610 $aturbulent period. 610 $aurban elites. 610 $awar of resistance. 610 $awar. 610 $awomen in the military. 610 $awork of healing. 615 0$aPublic health$xPolitical aspects 615 0$aSino-Japanese War, 1937-1945. 615 0$aWomen and war$xHistory 615 0$aPublic health$xHistory 676 $a362.10951 700 $aBarnes$b Nicole Elizabeth$f1975-$01022798 801 0$bMdBmJHUP 801 1$bMdBmJHUP 906 $aBOOK 912 $a996312640503316 996 $aIntimate Communities$92429678 997 $aUNISA